000 00633nam a2200241Ia 4500
003 OSt
005 20221005053544.0
006 a|||||r|||| 00| 0
007 ta
008 221004b |||||||| |||| 00| 0 eng d
024 _a53154
037 _cTextual
040 _aCRL
_cCRL
_beng
041 _2eng
_aeng
082 _aR39(S:43)vN, N1
100 _aKearney Richard
245 0 _aPoetics of imagining from Husserl to Lyotard
260 _aLondon
_bHarper
_c1991
300 _a234p.
_ccm.
650 _aPHILOSOPHY
942 _hR39(S:43)vN, N1
_cTEXL
_2cc
999 _c962227
_d962227